[Event "Santiago 2.5"]
[Site "Santiago de Chile"]
[Date "2025.03.09"]
[Round "1"]
[White "Valdes Escobar, Alvaro Daniel"]
[Black "Arevalo Garces, Rodrigo Andres"]
[Result "1-0"]
[WhiteElo "2346"]
[BlackElo "1969"]
[PlyCount "111"]
[EventDate "2025.03.09"]
[EventType "swiss"]
[EventRounds "9"]
[EventCountry "CHI"]
[SourceTitle "CB12_2025"]
[SourceDate "2025.03.19"]
[SourceVersion "1"]
[SourceVersionDate "2025.03.19"]
[SourceQuality "1"]

1. d4 d5 2. c4 e6 3. Nc3 c5 4. cxd5 exd5 5. Nf3 Nc6 6. g3 Nf6 7. Bg2 cxd4 8. Nxd4 Bc5 9. Nb3 Bb6 10. 0-0 d4 11. Na4 0-0 12. Nxb6 axb6 13. Bxc6 bxc6 14. Qxd4 Qc7 15. Bg5 c5 16. Qf4 Qxf4 17. Bxf4 Ba6 18. Rfe1 Rfe8 19. Nc1 h6 20. h4 Re6 21. a4 Bb7 22. b3 Ne4 23. f3 Nc3 24. Bd2 Nb5 25. Ra2 Nd4 26. Bc3 Nf5 27. Kf2 Ne3 28. Bd2 Nf5 29. e4 Nd4 30. Bc3 Nc6 31. Rd1 Rae8 32. Rad2 Ne5 33. Bxe5 Rxe5 34. Rd8 Ba6 35. R1d6 Rxd8 36. Rxd8+ Kh7 37. Rd6 Re6 38. Rxe6 fxe6 39. Ke3 Kg6 40. Nd3 Kf6 41. a5 c4 42. bxc4 bxa5 43. Kd4 g5 44. hxg5+ hxg5 45. e5+ Ke7 46. Nc5 Bc8 47. g4 Kd8 48. Ne4 a4 49. Kc3 Bb7 50. Nxg5 Ke7 51. Ne4 Bc6 52. Nd2 Kf7 53. f4 Ke7 54. Kb4 Kd7 55. Nb1 Bf3 56. g5 1-0

[Event "Temuco op 2nd"]
[Site "Temuco"]
[Date "2025.01.12"]
[Round "4"]
[White "Arevalo Garces, Rodrigo Andres"]
[Black "Orrego Palermo, Marcelo Andres"]
[Result "1-0"]
[WhiteElo "1875"]
[BlackElo "2144"]
[PlyCount "73"]
[EventDate "2025.01.10"]
[EventType "swiss"]
[EventRounds "9"]
[EventCountry "CHI"]
[SourceTitle "CB04_2025"]
[SourceDate "2025.01.22"]
[SourceVersion "1"]
[SourceVersionDate "2025.01.22"]
[SourceQuality "1"]

1. c4 e5 2. Nc3 Bb4 3. g3 Bxc3 4. dxc3 d6 5. e4 Nf6 6. f3 Be6 7. Nh3 Nc6 8. Nf2 h5 9. Be3 Qe7 10. Bd3 Nd7 11. Qe2 0-0-0 12. b4 Rdf8 13. a4 f5 14. exf5 Bxf5 15. Ne4 Nf6 16. Nxd6+ cxd6 17. Bxf5+ Kb8 18. 0-0-0 Rd8 19. Bg5 Qc7 20. Kb2 Ne7 21. Be6 Rhe8 22. Rd2 Nc8 23. Bxc8 Qxc8 24. Rhd1 Kc7 25. c5 d5 26. Bxf6 gxf6 27. Rxd5 Rxd5 28. Rxd5 Qe6 29. Rd6 Qe7 30. Qe4 Rd8 31. Qd5 Re8 32. b5 f5 33. b6+ axb6 34. Rxb6 Kc8 35. c6 Rd8 36. Qc4 Qg5 37. Qe6+ 1-0